<?xml version="1.0" encoding="UTF-8"?>
<record
    xmlns:xsi="http://www.w3.org/2001/XMLSchema-instance"
    xsi:schemaLocation="http://www.loc.gov/MARC21/slim http://www.loc.gov/standards/marcxml/schema/MARC21slim.xsd"
    xmlns="http://www.loc.gov/MARC21/slim">

  <leader>02756nam a22003017a 4500</leader>
  <datafield tag="999" ind1=" " ind2=" ">
    <subfield code="c">21797</subfield>
    <subfield code="d">21797</subfield>
  </datafield>
  <controlfield tag="003">AR-CdUCM</controlfield>
  <controlfield tag="008">190425b           ||||| |||| 00| 0 spa d</controlfield>
  <datafield tag="040" ind1=" " ind2=" ">
    <subfield code="a">MUNICIPALIDAD PROVINCIAL DEL CUSCO</subfield>
    <subfield code="c">BIBLIOTECA MUNICIPAL DEL CUSCO</subfield>
  </datafield>
  <datafield tag="082" ind1=" " ind2=" ">
    <subfield code="a">Rev.IAAC/N&#xB0;12/1967</subfield>
  </datafield>
  <datafield tag="110" ind1=" " ind2=" ">
    <subfield code="a">Instituto Americano de Arte del Cuzco</subfield>
    <subfield code="9">43770</subfield>
  </datafield>
  <datafield tag="245" ind1=" " ind2=" ">
    <subfield code="a">Revista del Instituto Americano de Arte /</subfield>
  </datafield>
  <datafield tag="260" ind1=" " ind2=" ">
    <subfield code="a">Cusco :</subfield>
    <subfield code="b">H.G. Rozas,</subfield>
    <subfield code="c">1967.</subfield>
  </datafield>
  <datafield tag="300" ind1=" " ind2=" ">
    <subfield code="a">268 [4] p&#xE1;ginas. :</subfield>
    <subfield code="b">ilustraciones, laminas ;</subfield>
    <subfield code="c">24 cm.</subfield>
  </datafield>
  <datafield tag="440" ind1=" " ind2=" ">
    <subfield code="a">Revista del Instituto Americano de Arte Cuzco.</subfield>
    <subfield code="n">A&#xF1;o XII, [?] semestre de 1967, N&#xB0;12. Vol.[?]</subfield>
    <subfield code="9">46141</subfield>
  </datafield>
  <datafield tag="505" ind1=" " ind2=" ">
    <subfield code="a">Contenido: La historia hispanoamericana como proceso dial&#xE9;ctico a prop&#xF3;sito del IV centenario de Garcilaso. Jos&#xE9; Uriel Garc&#xED;a. -- Para la historia del arte del Cuzco la casa del Almirante. Uriel Garc&#xED;a. -- Semblanza biogr&#xE1;fica de J. Uriel Garc&#xED;a. Julio G. Guti&#xE9;rrez. -- Jos&#xE9; Uriel Garc&#xED;a. Luis F. Paredes. -- Enfoque sobre la cultura heliol&#xED;tica quechua. J. D&#xE1;vila Pe&#xF1;a. -- Soliloquio al Se&#xF1;or de Los Temblores. Carlos Gregorio Taborga. -- El paisaje cuzque&#xF1;o. Mario Escobar Moscoso. -- Garcilaso el cuzque&#xF1;o. Julio G. Guti&#xE9;rrez. -- Rafael Tupayachi educador y maestro del pueblo. Wilbert Salas. -- Hojas al viento. Juana Fern&#xE1;ndez de Olivera. -- Perricholi y sus extravagantes amor&#xED;os. Miriam Hoyle Cox de Romero. -- Clorinda Matto de Turner. Juana Fern&#xE1;ndez de Olivera. --  San Mart&#xED;n y la biblioteca de Lima. Mar&#xED;a del C. S. de Ferro. -- El arte tradicional su desarrollo historia y situaci&#xF3;n. Emilio Mendiz&#xE1;bal Losack. -- El hombre y su alimento en Am&#xE9;rica. Rodolfo Kush. -- A&#xF1;o nuevo en la Sierra. Delia Blanco. -- Breve informe sobre artesan&#xED;as ind&#xED;genas del Per&#xFA;. Luisa Galeano. -- Estampas del Cuzco el arriero, drama de amor en los andes y la muerte de la emoci&#xF3;n. Alfredo Y&#xE9;pez Miranda. -- El cazador de la muerte. Oscar Blanco Gald&#xF3;s. -- Canto y eleg&#xED;a a Machupicchu. Luis Calder&#xF3;n Ugarte. -- Poetas del Cuzco Rosa Augusta Rivero Zu&#xF1;iga Unjku&#xF1;a poemas. -- Apuntes sobre la intelectualidad cusque&#xF1;a. Rom&#xE1;n Saavedra. -- Not&#xED;culas tr&#xED;ptico evocativo Jos&#xE9; Uriel Garc&#xED;a. E. Kallata. -- Inauguraci&#xF3;n del Museo de Arte Popular, Julio G. Guti&#xE9;rrez.</subfield>
  </datafield>
  <datafield tag="650" ind1=" " ind2=" ">
    <subfield code="a">Tradiciones cusque&#xF1;as</subfield>
    <subfield code="9">31110</subfield>
  </datafield>
  <datafield tag="650" ind1=" " ind2=" ">
    <subfield code="a">Literatura cusque&#xF1;a</subfield>
    <subfield code="9">46110</subfield>
  </datafield>
  <datafield tag="650" ind1=" " ind2=" ">
    <subfield code="a">Poetas cusque&#xF1;os</subfield>
    <subfield code="9">5956</subfield>
  </datafield>
  <datafield tag="650" ind1=" " ind2=" ">
    <subfield code="a">Intelectuales cusque&#xF1;os</subfield>
    <subfield code="9">46142</subfield>
  </datafield>
  <datafield tag="700" ind1=" " ind2=" ">
    <subfield code="a">Guti&#xE9;rrez Loayza, Julio</subfield>
    <subfield code="9">46116</subfield>
  </datafield>
  <datafield tag="700" ind1=" " ind2=" ">
    <subfield code="a">Garc&#xED;a, Jos&#xE9; Uriel</subfield>
    <subfield code="9">3684</subfield>
  </datafield>
  <datafield tag="700" ind1=" " ind2=" ">
    <subfield code="a">Escobar Moscoso, Mario</subfield>
    <subfield code="9">31091</subfield>
  </datafield>
  <datafield tag="700" ind1=" " ind2=" ">
    <subfield code="a">Y&#xE9;pez Miranda, Alfredo</subfield>
    <subfield code="9">4230</subfield>
  </datafield>
  <datafield tag="700" ind1=" " ind2=" ">
    <subfield code="a">Blanco Gald&#xF3;s, Oscar</subfield>
    <subfield code="9">32943</subfield>
  </datafield>
  <datafield tag="942" ind1=" " ind2=" ">
    <subfield code="2">ddc</subfield>
    <subfield code="c">PP</subfield>
  </datafield>
  <datafield tag="945" ind1=" " ind2=" ">
    <subfield code="a">rac</subfield>
  </datafield>
  <datafield tag="952" ind1=" " ind2=" ">
    <subfield code="0">0</subfield>
    <subfield code="2">ddc</subfield>
    <subfield code="4">0</subfield>
    <subfield code="7">0</subfield>
    <subfield code="a">HEM</subfield>
    <subfield code="b">HEM</subfield>
    <subfield code="c">CART</subfield>
    <subfield code="d">2021-08-06</subfield>
    <subfield code="g">10.00</subfield>
    <subfield code="o">Rev.IAAC/N&#xB0;12/1967</subfield>
    <subfield code="p">REVC000245</subfield>
    <subfield code="r">2021-08-06</subfield>
    <subfield code="y">PP</subfield>
  </datafield>
  <datafield tag="952" ind1=" " ind2=" ">
    <subfield code="0">0</subfield>
    <subfield code="2">ddc</subfield>
    <subfield code="4">0</subfield>
    <subfield code="7">0</subfield>
    <subfield code="a">HEM</subfield>
    <subfield code="b">HEM</subfield>
    <subfield code="c">CART</subfield>
    <subfield code="d">2021-08-06</subfield>
    <subfield code="g">10.00</subfield>
    <subfield code="o">Rev.IAAC/N&#xB0;12/1967/e.2</subfield>
    <subfield code="p">REVC000246</subfield>
    <subfield code="r">2021-08-06</subfield>
    <subfield code="y">PP</subfield>
  </datafield>
  <datafield tag="952" ind1=" " ind2=" ">
    <subfield code="0">0</subfield>
    <subfield code="2">ddc</subfield>
    <subfield code="4">0</subfield>
    <subfield code="7">0</subfield>
    <subfield code="a">HEM</subfield>
    <subfield code="b">HEM</subfield>
    <subfield code="c">CART</subfield>
    <subfield code="d">2021-08-06</subfield>
    <subfield code="g">10.00</subfield>
    <subfield code="o">Rev.IAAC/N&#xB0;12/1967/e.3</subfield>
    <subfield code="p">REVC000247</subfield>
    <subfield code="r">2021-08-06</subfield>
    <subfield code="y">PP</subfield>
  </datafield>
</record>
